| 000 | 01025cam a22002175a 4500 | ||
|---|---|---|---|
| 001 | E144641 | ||
| 008 | 080801s2008 xxk f 000 0 eng d | ||
| 035 | _a(Sirsi) u144641 | ||
| 041 | 0 | _aeng | |
| 050 | 0 | 4 | _a634.92 $2 18 |
| 110 | 2 |
_aForestry Commission Scotland _95586 |
|
| 245 | 0 | 0 |
_aDiscussion paper on woodland expansion in Scotland _h[electronic resource] |
| 260 |
_aEdinburgh _bForestry Commission Scotland _c2008 |
||
| 520 | _aConsultation paper which provides the chance to comment on Forestry Commission Scotland's proposals to implement the woodland expansion element of the Scottish Government's Scottish Forestry Strategy (see E141215). Deadline for comments is 30 September 2008. | ||
| 521 | _aAdvanced | ||
| 590 | _aKA | ||
| 651 | 4 |
_aScotland _y1999- |
|
| 690 | _aENVIRONMENTAL AND LAND CONSULTANCY-FORESTRY AND WOODLAND MANAGEMENT | ||
| 856 | 4 | 8 |
_uhttps://www.forestry.gov.uk/pdf/ForestExpansion.pdf/$FILE/ForestExpansion.pdf _zView the consultation free of charge at www.forestry.gov.uk... |
| 942 | _n0 | ||
| 999 |
_c108571 _d108571 |
||